ISDN and broadband ISDN with the frame relay and ATM

Αποθηκεύτηκε σε:
Λεπτομέρειες βιβλιογραφικής εγγραφής
Κύριος συγγραφέας: Stallings, William
Μορφή: Βιβλίο
Γλώσσα:English
Δημοσίευση: Upper Saddle River, N.J. : Prentice Hall, c1999.
Έκδοση:4th ed.
Θέματα:
Ετικέτες: Προσθήκη ετικέτας
Δεν υπάρχουν, Καταχωρήστε ετικέτα πρώτοι!

MARC

LEADER 00000cam a2200000 i 4500
001 1/16379
008 010127s1999 nju| ||| |||| ||eng||
020 |a 0139737448 
035 |l 10065752 
040 |a GR-MyUa  |b gre  |e AACR2 
041 0 |a eng 
082 7 |a 004.62   |2 (21) 
100 1 |a Stallings, William. 
245 1 0 |a ISDN and broadband ISDN with the frame relay and ATM /   |c William Stallings. 
250 |a 4th ed. 
260 |a Upper Saddle River, N.J. :   |b Prentice Hall,   |c c1999. 
300 |a xvi, 542 σ. :   |b εικ. ;   |c 25 εκ. 
504 |a Περιλαμβάνει βιβλιογραφικές παραπομπές (σ. 529-534) και ευρετήριο. 
650 0 |a Integrated services digital networks. 
650 0 |a Broadband communication systems. 
650 0 |a Frame relay (Data transmission) 
650 0 |a Asynchronous transfer mode. 
852 |a INST  |b SAMOS  |e 20010127  |h 004.62 STA  |p 005300022204  |q 005300022204  |t BK  |y 0 
852 |a INST  |b SAMOS  |e 20010127  |h 004.62 STA  |p 005300022205  |q 005300022205  |t BK  |y 23 
852 |a INST  |b SYROS  |e 20010127  |h 004.62 STA  |p 005500000227  |q 005500000227  |t BK  |y 0 
901 |a BIBL3-2001-1 
922 |a 3ΕΛΗ  |b 200002  |c ΤΠΕΣ/ΠΟΛ  |d LEADER 
922 |a 5ΕΛΗ  |b 200002  |c ΤΠΕΣ/ΠΟΛ  |d LEADER 
970 |a Πουρνάρας  |b Δημήτρης  |z 27/01/2001